Sports Quiz

Random Sports or Year Quiz

Big 4 Rookies of the Year by Decade Quiz Stats

 Plays Quiz Updated Mar 5, 2019

Score 0/28 Timer 06:00
5 Plays Today
% Correct
Cam Newton
87.2%
Mike Trout
82.6%
Damian Lillard
81.4%
LeBron James
80.8%
Allen Iverson
80.2%
Alexander Ovechkin
78.1%
Albert Pujols
77.6%
Cal Ripken, Jr.
74.3%
Patrick Ewing
72.3%
Carlos Beltrán
71.3%
Jerome Bettis
70.4%
Lawrence Taylor
70%
Mario Lemieux
69.8%
Julius Peppers
68.7%
% Correct
Jim Brown
63.4%
Nathan MacKinnon
62.6%
Peter Forsberg
59%
Earl Campbell
57.7%
Bobby Orr
57.3%
Frank Robinson
56.7%
Carlton Fisk
55.6%
Elgin Baylor
55.4%
Joe Greene
51.2%
Tom Seaver
49.9%
Rick Barry
45.9%
Gump Worsley
44.7%
Mike Bossy
43.6%
Bob McAdoo
36.5%

You're not logged in!

Compare scores with friends on all Sporcle quizzes.
OR
Log In

Sporcle TV

Today on Sporcle TV


Watch our educational content, quiz creation guides, and fun videos on Sporcle TV.

Show Comments

Extras

Top Quizzes Today


Score Distribution

Your Account Isn't Verified!

In order to create a playlist on Sporcle, you need to verify the email address you used during registration. Go to your Sporcle Settings to finish the process.

Report this User

Report this user for behavior that violates our Community Guidelines.

Details: